| 000 | 00609cab a2200229 4500 | ||
|---|---|---|---|
| 001 | WB3518-07 | ||
| 008 | 090401t1999 xxu||||| |||| 00| 0 eng d | ||
| 035 | _a(Sirsi) u93334 | ||
| 041 | _aeng | ||
| 245 | _aWhite asbestos banned | ||
| 260 | _c1999 | ||
| 350 | _a0 | ||
| 490 |
_aContract Journal _v398(6225) 12 May 1999, 10(1) |
||
| 520 | _aJohn Prescott has banned completely the importation and use of white asbestos. | ||
| 650 | _aBAN | ||
| 650 | _aIMPORTS | ||
| 650 | _aUSE | ||
| 650 | _aWHITE ASBESTOS | ||
| 690 | _aBUILT ENVIRONMENT-BUILDING MATERIALS | ||
| 942 | _n0 | ||
| 948 | _c13/05/1999 | ||
| 999 |
_c59159 _d59159 |
||